00495nam a22001692 4500001001100000005001700011008004100028020001700069040001500086245010800101250001300209260002600222300001100248650003100259700003200290852000300322000002329620151217152239.0121019s xx 000 0 eng d a0255365225 : aKABUcKABU10aHIV and aids :bthe political economy of pressure groups and miseducation /cBarrie Craven ...[et al.]. a1st ed. aLondon :bIEA,c2001. a99 p. 0aAIDS (Disease)@00001484581 aCraven, Barrie.@00001826811